Marlborough : His life and times / (Record no. 24827)
[ view plain ]
| 000 -LEADER | |
|---|---|
| fixed length control field | 00987cam a22002771 4500 |
| 001 - CONTROL NUMBER | |
| control field | 24827 |
| 003 - CONTROL NUMBER IDENTIFIER | |
| rucl marc code | BD-RjUL |
| 005 - DATE AND TIME OF LATEST TRANSACTION | |
| control field | 20211209001113.0 |
| 008 - FIXED-LENGTH DATA ELEMENTS--GENERAL INFORMATION | |
| fixed length control field | 140315r19491933enkabc b 001 0 eng d |
| 035 ## - SYSTEM CONTROL NUMBER | |
| System control number | (BD-RjUL) 24896 |
| System control number | (OCoLC)2043440 |
| 040 ## - CATALOGING SOURCE | |
| Original cataloging agency | DLC |
| Transcribing agency | FJUNF |
| Modifying agency | BD-RjUL |
| Language of cataloging | eng |
| 041 ## - LANGUAGE CODE | |
| Language code of text/sound track or separate title | eng |
| 082 00 - DEWEY DECIMAL CLASSIFICATION NUMBER | |
| Classification number | 942.0690924 |
| Author mark and year | CHM 1949 |
| 100 1# - MAIN ENTRY--PERSONAL NAME | |
| Personal name | Churchill, Winston S., |
| Dates associated with a name | 1874-1965. |
| 9 (RLIN) | 76432 |
| 245 10 - TITLE STATEMENT | |
| Title | Marlborough : His life and times / |
| Number of part/section of a work | Volume -1 |
| Name of part/section of a work | Consisting of volumes I and II of the original work |
| 260 ## - PUBLICATION, DISTRIBUTION, ETC. (IMPRINT) | |
| Place of publication, distribution, etc. | London ; |
| -- | Bombay [etc] : |
| Name of publisher, distributor, etc. | G.G. Harrapand Co. Ltd., |
| Date of publication, distribution, etc. | 1933 [Reprinted 1949] |
| 300 ## - PHYSICAL DESCRIPTION | |
| Pagination | 1049 p. : |
| Illustrations | illus., ports., maps (part fold., part col.) ; |
| Size | 23 cm. |
| 504 ## - BIBLIOGRAPHY, ETC. NOTE | |
| Bibliography, etc | Includes Bibliography and index. |
| 600 10 - SUBJECT ADDED ENTRY--PERSONAL NAME | |
| Personal name | Marlborough, John Churchill, |
| Titles and other words associated with a name | Duke of, |
| Dates associated with a name | 1650-1722 |
| 650 ## - SUBJECT ADDED ENTRY--TOPICAL TERM | |
| Topical term or geographic name as entry element | Great Britain |
| 9 (RLIN) | 76434 |
| 651 #0 - SUBJECT ADDED ENTRY--GEOGRAPHIC NAME | |
| Geographic name | Great Britain |
| General subdivision | History |
| Chronological subdivision | 1660-1714. |
| 9 (RLIN) | 76405 |
| 942 ## - ADDED ENTRY ELEMENTS (KOHA) | |
| Source of classification or shelving scheme | Dewey Decimal Classification |
| Koha item type | Books |
| Lost status | Source of classification or shelving scheme | Materials specified (bound volume or other part) | Damaged status | Not for loan | Collection code | Permanent Location | Current Location | Shelving location | Date acquired | Source of acquisition | Cost, normal purchase price | Total Checkouts | Full call number | Date last seen | Copy number | Koha item type |
|---|---|---|---|---|---|---|---|---|---|---|---|---|---|---|---|---|
| Dewey Decimal Classification | V-1 | Added to bundle | Non-fiction | Central Library, University of Rajshahi | Central Library, University of Rajshahi | Reading Room | 13/02/1956 | O.B.M stationary | 52.00 | 942.0690924 CHM 1949 | 15/03/2014 | C-1 | Books |